[Event "Belt and Road Hunan op-C"]
[Site "Changsha"]
[Date "2019.07.31"]
[Round "4"]
[White "Liu, Xinyu"]
[Black "Gao, Hanxue"]
[Result "1/2-1/2"]
[WhiteElo "1576"]
[BlackElo "1726"]
[PlyCount "69"]
[EventDate "2019.07.29"]
[EventType "swiss"]
[EventRounds "9"]
[EventCountry "CHN"]
[SourceTitle "EXT 2020"]
[Source "ChessBase"]
[SourceDate "2019.10.17"]
[SourceVersion "1"]
[SourceVersionDate "2019.10.17"]
[SourceQuality "1"]

1. d4 Nf6 2. c4 e6 3. Nf3 b6 4. Nc3 Bb7 5. e3 Bb4 6. Bd2 0-0 7. Bd3 d5 8. 0-0 Bd6 9. a3 c5 10. dxc5 bxc5 11. Qe2 Ne4 12. Rab1 Nxd2 13. Nxd2 Nd7 14. f4 Nb6 15. Nf3 f5 16. Rfd1 Qf6 17. cxd5 Nxd5 18. Bc4 Rae8 19. g3 Nxc3 20. bxc3 Bxf3 21. Qxf3 Qxc3 22. Rxd6 Qxc4 23. Rd7 Rb8 24. Rbb7 Rxb7 25. Qxb7 Qc1+ 26. Kg2 Qc3 27. Qxa7 c4 28. Qc7 Ra8 29. a4 h6 30. a5 Rxa5 31. Kh3 Ra2 32. Rd8+ Kh7 33. Qc8 Qf6 34. Rh8+ Kg6 35. Rf8 1/2-1/2

[Event "CHN-chT (Women)"]
[Site "Hangzhou"]
[Date "2018.06.20"]
[Round "2.7"]
[White "Liu, Xinyu"]
[Black "Ning, Kaiyu"]
[Result "0-1"]
[WhiteElo "1371"]
[BlackElo "2341"]
[PlyCount "88"]
[EventDate "2018.06.19"]
[EventType "team-swiss"]
[EventRounds "9"]
[EventCountry "CHN"]
[SourceTitle "CBM 185 Extra"]
[Source "ChessBase"]
[SourceDate "2018.07.29"]
[SourceVersion "1"]
[SourceVersionDate "2018.07.29"]
[SourceQuality "1"]
[WhiteTeam "Hefei Yuanshangyuan (W)"]
[BlackTeam "Shandong (W)"]
[WhiteTeamCountry "CHN"]
[BlackTeamCountry "CHN"]

1. e4 e6 2. d4 d5 3. exd5 exd5 4. Bd3 Nc6 5. c3 Bd6 6. Nf3 h6 7. h3 Qf6 8. Bb5 Nge7 9. Be3 0-0 10. 0-0 Ng6 11. c4 Nce7 12. c5 Bf4 13. Nc3 c6 14. Bd3 Nf5 15. Qd2 Bc7 16. Rab1 Nfh4 17. Nxh4 Nxh4 18. f4 Nf5 19. Bxf5 Bxf5 20. Rbe1 h5 21. Nd1 Rfe8 22. Nf2 Qg6 23. Nd1 Bxh3 24. Kh1 Bf5 25. Qf2 Re6 26. Bd2 Rae8 27. Rxe6 Rxe6 28. Nc3 Qf6 29. Re1 Rxe1+ 30. Qxe1 Kh7 31. Be3 h4 32. Qe2 Qg6 33. Qf2 Qg4 34. a3 h3 35. gxh3 Qxh3+ 36. Kg1 Bg4 37. b4 Bf3 38. Qh2 Qxh2+ 39. Kxh2 Kg6 40. Kg3 Bh5 41. Kh4 Bd8+ 42. Kg3 Kf5 43. Bd2 Bc7 44. Kh4 g6 0-1

[Event "CHN-chT (Women)"]
[Site "Hangzhou"]
[Date "2018.06.19"]
[Round "1.6"]
[White "Ren, Xiaoyi"]
[Black "Liu, Xinyu"]
[Result "1-0"]
[WhiteElo "2266"]
[BlackElo "1371"]
[PlyCount "77"]
[EventDate "2018.06.19"]
[EventType "team-swiss"]
[EventRounds "9"]
[EventCountry "CHN"]
[SourceTitle "CBM 185 Extra"]
[Source "ChessBase"]
[SourceDate "2018.07.29"]
[SourceVersion "1"]
[SourceVersionDate "2018.07.29"]
[SourceQuality "1"]
[WhiteTeam "Chengdu (W)"]
[BlackTeam "Hefei Yuanshangyuan (W)"]
[WhiteTeamCountry "CHN"]
[BlackTeamCountry "CHN"]

1. d4 d5 2. c4 e6 3. Nf3 Nf6 4. Bg5 Be7 5. Nc3 0-0 6. e3 Nbd7 7. Bd3 b6 8. cxd5 exd5 9. 0-0 Bb7 10. Rc1 a6 11. Bb1 Rc8 12. Qc2 g6 13. Rfd1 Re8 14. h3 Ne4 15. Bf4 c5 16. dxc5 Ndxc5 17. Nxe4 Nxe4 18. Bc7 Qd7 19. Qxe4 dxe4 20. Rxd7 exf3 21. gxf3 Bxf3 22. Bd3 b5 23. a4 bxa4 24. Bxa6 Ra8 25. Bb5 Bf6 26. Rd2 Rf8 27. Rc4 a3 28. bxa3 Rxa3 29. Rf4 Bc3 30. Rd7 Ra1+ 31. Kh2 Rh1+ 32. Kg3 Ba8 33. f3 h5 34. Bc4 Rc1 35. Rfxf7 Rxf7 36. Bxf7+ Kh8 37. Bb3 Bg7 38. Rd8+ Kh7 39. Bg8+ 1-0